History Quiz

Random History or French Quiz
Score 0/89 Timer 10:00
5 Plays Today
Ruler % Correct
The Consulate
93.8%
Louis X (the Quarreller)
93.4%
Louis I (the Pious)
93.4%
Louis XI (the Prudent, the Universal Spider)
92.7%
Napoleon I
92.3%
Louis II (the Stammerer)
92.2%
Louis V (the Lazy)
92.2%
Louis XV (the Beloved)
92.2%
Louis XII (Father of the People)
91.9%
Louis XVI (the Last)
91.9%
Louis III (ruled jointly with his brother)
91.7%
Louis VI (the Fat)
91.7%
Louis IV (from Overseas)
91.6%
Louis XIV (the Sun King, the Great)
91.6%
Louis VII (the Young)
91.4%
Louis XIII (the Just)
91.1%
Louis VIII (the Lion)
90.8%
Louis IX (the Saint)
90.7%
Charlemagne
85.1%
Charles de Gaulle
83.8%
Charles de Gaulle
83.7%
Charles the Fat
82.2%
Emmanuel Macron
81%
Charles II (the Bald)
76.4%
Charles V (the Wise)
75.8%
Charles IV (the Fair)
75.5%
Charles VI (the Beloved, the Mad)
75.4%
Napoleon III
75.3%
Charles VII (the Victorious, the Well-Served)
75%
Charles III (the Simple)
74.2%
Ruler % Correct
Charles X
73.7%
Nicolas Sarkozy
73.5%
Charles IX
73.2%
Charles VIII (the Affable)
73.2%
Louis-Napoléon Bonaparte
71.2%
François Hollande
68.2%
Henry II
68.2%
Henry III
67.7%
Henry I
67.3%
Henry IV (the Good King, the Green Gallant)
66.5%
Louis XVIII
65.3%
Jacques Chirac
65%
François Mitterrand
62.8%
Philippe Pétain
55.3%
Philip II (Augustus)
52.9%
Philip III (the Bold)
52%
Philip I
51.7%
Philip IV (the Fair)
51.6%
Philip V (the Tall)
51%
Francis I (the Father and Restorer of Letters)
50.8%
Philip VI (the Fortunate)
50.4%
Francis II
48.6%
National Convention
47.6%
Georges Pompidou
46.5%
Louis-Philippe (the Citizen King)
45.6%
Valéry Giscard d'Estaing
43.7%
John II (the Good)
43.7%
John I (the Posthumous)
43.1%
Pepin (the Short)
40.8%
Hugh Capet
39.6%
Ruler % Correct
Robert I
29.4%
Robert II (the Pious, the Wise)
29%
René Coty
26.7%
The Directory
26.6%
Adolphe Thiers
24.1%
Odo
23.8%
Raymond Poincaré
23.1%
Vincent Auriol
22.2%
Vincent Auriol
22.2%
Patrice de Mac-Mahon
22.1%
Carloman I (ruled jointly with his brother)
21.8%
Lothair
21.3%
Léon Blum
21.2%
Carloman II
20.7%
Félix Faure
20%
Marie-François-Sadi Carnot
19%
Rudolph
18%
Albert Lebrun
17.8%
Paul Doumer
17.4%
Alexandre Millerand
16.7%
Paul Deschanel
15.9%
Gaston Doumergue
15.7%
Jules Grévy
15.1%
Jean Casimir-Périer
13.6%
Émile Loubet
12.6%
Armand Falliéres
12.2%
Louis-Jules Trochu
10.7%
Georges Bidault
9.6%
Félix Gouin
9%
Remove Ads.
Support Sporcle.
Get the best of Sporcle when you Go Orange. This ad-free experience offers more features, more stats, and more fun while also helping to support Sporcle. Thank you for becoming a member.

You're not logged in!

Compare scores with friends on all Sporcle quizzes.
OR
Log In

Show Comments

Extras

Top Quizzes Today


Score Distribution

Your Account Isn't Verified!

In order to create a playlist on Sporcle, you need to verify the email address you used during registration. Go to your Sporcle Settings to finish the process.

Report this User

Report this user for behavior that violates our Community Guidelines.

Details: